000 00348nam a22001337a 4500
008 230619b xxu||||| |||| 00| 0 eng d
020 _a1573180785
082 _a299.936
_bHUB
110 _bChurch of Scientology International
245 _aWhat is Scientology?
260 _aUS
_bBridge Publications
_c1993,1988
300 _a1055p
942 _2ddc
_cBK
999 _c1213
_d1213